LEADER 00909cam0-2200325---450- 001 990004203370403321 005 20080728131722.0 010 $a0-08-0284491-4 035 $a000420337 035 $aFED01000420337 035 $a(Aleph)000420337FED01 035 $a000420337 100 $a19990604d1985----km-y0itay50------ba 101 0 $aeng 102 $aGB 105 $ay---e---000yy 200 1 $a<>concise scots dictionary$feditor in chef Mairi Robinson 205 $aRepr. 210 $aAberdeen$cAberdeen University press$d1985 215 $aXLI, 819 p.$d24 cm 610 0 $aLingua inglese$aDialetti$aScozia$aDizionari 676 $a427.9411 702 1$aRobinson,$bMairi 801 0$aIT$bUNINA$gRICA$2UNIMARC 901 $aBK 912 $a990004203370403321 952 $a427.9411 ROB 1$bBibl.871$fFLFBC 959 $aFLFBC 996 $aConcise scots dictionary$9483522 997 $aUNINA LEADER 03583oam 2200481z 450 001 9910793311103321 005 20211104155902.0 010 $a9781988531410$b(electronic bk.) 010 $a1988531411$b(electronic bk.) 010 $a9781988531403$b(electronic bk.) 010 $a1988531403$b(electronic bk.) 035 $a(CKB)4100000007591217 035 $a(MiAaPQ)EBC5651791 035 $a(EXLCZ)994100000007591217 100 $a20190630d2018 uy 0 101 0 $aeng 135 $aurcnu---unuuu 181 $ctxt$2rdacontent 182 $cc$2rdamedia 183 $acr$2rdacarrier 200 10$aFlu hunter $eunlocking the secrets of a virus /$fRobert G. Webster 210 1$aDunedin, New Zealand :$cOtago University Press,$d2018. 215 $a1 online resource $cillustrations (some color), color maps 311 08$aPrint version: Webster, Robert G., 1932- Flu hunber. Dunedin, New Zealand : Otago University Press, 2018 1988531314 320 $aIncludes bibliographical references and index. 327 $aForeword / by Lance Jennings -- Emergence of the monster: Spanish influenza, 1918 -- The start of influenza research -- From seabirds in Australlia to Tamiflu -- The search moves to wild ducks in Canada -- Delaware Bay: the right place at the right time -- Proving interspecies transmission -- Virologists visit China -- Hong Kong hotbed: live bird markets and pig processing -- Searching the world, 1975-95 -- The smoking gun -- Bird flu: the rise and spread of H5N1 -- The first pandemic of the 21st century -- SARS, and a second bird flu outbreak -- Digging for answers on the 1918 Spanish influenza -- Resurrecting the 1918 Spanish influenza -- Opening Pandora's Box -- Looking to the future: are we better prepared. 330 $a"When a new influenza virus emerges that is able to be transmitted between humans, it spreads globally as a pandemic, often with high mortality. Enormous social disruption and substantial economic cost can result. The 1918 Spanish influenza pandemic was undoubtedly the most devastating influenza pandemic to date, and it has been Dr Robert Webster's life's work to figure out how and why. In so doing he has made a remarkable contribution to our understanding of the evolution of influenza viruses and how to control them. A century on, Flu Hunter is a gripping account of the tenacious scientific detective work involved in revealing the secrets of this killer virus. Dubbed `Flu Hunter' by Smithsonian Magazine in 2006, Dr Webster began his research in the early 1960s with the insight that the natural ecology of most influenza viruses is among wild aquatic birds. Painstaking tracking and testing of thousands of birds eventually led him and the other scientists involved to establish a link between these bird virus `reservoirs' and human influenza pandemics. Some of this fascinating scientific work involved exhuming bodies of Spanish flu victims from the Arctic permafrost in a search for tissue samples containing genetic material from the virus" --Publisher. 606 $aInfluenza$xHistory$y20th century 606 $aEpidemics$xHistory$y20th century 606 $aAvian influenza 606 $aDisasters 606 $aInfluenza$xEpidemiology 615 0$aInfluenza$xHistory 615 0$aEpidemics$xHistory 615 0$aAvian influenza. 615 0$aDisasters. 615 0$aInfluenza$xEpidemiology. 676 $a616.203019 700 $aWebster$b Robert G.$f1932-$0850555 906 $aBOOK 912 $a9910793311103321 996 $aFlu hunter$93701291 997 $aUNINA